000 00620nam a2200217 i 4500
003 DO-SdBNP
005 20231020135422.0
006 a||||gr|||| 00| 0
007 ta
008 231020n190? |||||||| |||| 00| e spa d
040 _aDO-SdBNP
_bspa
_cBNPHU
_erda
082 4 _222
_b[190?]
245 _aEl tirano Ulises Heureaux. /
_cHoracio Blanco Fombolla.
264 _a[sin lugar]:
_b[editora],
_c[190?]
300 _a113 páginas ;
_c23 cm.
336 _2rdacontent
_atexto
_btxt
337 _2rdamedia
_asin mediación
_bn
338 _2rdacarrier
_avolumen
_bnc
590 _aInventariado 2023 / MF
942 _2ddc
_cLBS1
999 _c55221
_d55221